<?xml version="1.0" encoding="UTF-8"?>
<record
    xmlns:xsi="http://www.w3.org/2001/XMLSchema-instance"
    xsi:schemaLocation="http://www.loc.gov/MARC21/slim http://www.loc.gov/standards/marcxml/schema/MARC21slim.xsd"
    xmlns="http://www.loc.gov/MARC21/slim">

  <leader>03150nam a22003737a 4500</leader>
  <controlfield tag="003">BI-BuBU</controlfield>
  <controlfield tag="008">171110b2017    bd  |||frm||| 000 0 fre d</controlfield>
  <datafield tag="037" ind1=" " ind2=" ">
    <subfield code="b">Don de l'auteur</subfield>
  </datafield>
  <datafield tag="039" ind1=" " ind2=" ">
    <subfield code="a">20171110084945.0</subfield>
    <subfield code="b">Anesie Nizigiyimana</subfield>
  </datafield>
  <datafield tag="040" ind1=" " ind2=" ">
    <subfield code="a">BI-BuBU</subfield>
    <subfield code="b">fre</subfield>
    <subfield code="c">BI-BuBU</subfield>
    <subfield code="d">BI-BuBU</subfield>
  </datafield>
  <datafield tag="041" ind1="0" ind2=" ">
    <subfield code="a">fre</subfield>
  </datafield>
  <datafield tag="080" ind1=" " ind2=" ">
    <subfield code="a">621.565.</subfield>
  </datafield>
  <datafield tag="100" ind1="1" ind2=" ">
    <subfield code="4">aut</subfield>
    <subfield code="a">Nihasigaye, Larissa</subfield>
  </datafield>
  <datafield tag="245" ind1="1" ind2="0">
    <subfield code="a">Etude, conception et dimensionnement d'un terminal frigorifique pour chambre froide</subfield>
    <subfield code="b">cas de l'a&#xE9;roport international de Bujumbura</subfield>
    <subfield code="c">par Larissa Nihasigaye, Bernard Niyongabo ; Ir Denis Niyonzima, directeur</subfield>
  </datafield>
  <datafield tag="260" ind1=" " ind2=" ">
    <subfield code="a">Bujumbura</subfield>
    <subfield code="b">Universit&#xE9; du Burundi, Institut Technique Sup&#xE9;rieur, D&#xE9;partement du Genie &#xE9;lectrom&#xE9;canique</subfield>
    <subfield code="c">2017</subfield>
  </datafield>
  <datafield tag="300" ind1=" " ind2=" ">
    <subfield code="a">XIV-126 f.</subfield>
    <subfield code="c">30 cm.</subfield>
  </datafield>
  <datafield tag="500" ind1=" " ind2=" ">
    <subfield code="3">Projet de fin d'&#xE9;tudes pr&#xE9;sent&#xE9; et d&#xE9;fendu publiquement en vue de l'obtention du grade d'Ing&#xE9;nieur Industriel en g&#xE9;nie &#xE9;lectrom&#xE9;canique</subfield>
  </datafield>
  <datafield tag="520" ind1=" " ind2=" ">
    <subfield code="a">RESUME

Ce travail concerne l'analyse des diff&#xE9;rentes &#xE9;tapes de la conception d'un entrep&#xF4;t frigorifique.
Nous revenons sur les diff&#xE9;rents principes de production du froid particuli&#xE8;rement celui li&#xE9; &#xE0; la compression m&#xE9;canique de vapeur, lequel sera utilis&#xE9; pour les machines frigorifiques des diff&#xE9;rentes chambres froides de l'entrep&#xF4;t.

Nous nous int&#xE9;ressons aux conditions environnementales du site sur lequel l'entrep&#xF4;t sera construit. Nous voyons aussi les caract&#xE9;ristiques des produits &#xE0; conserver ainsi que leurs conditions d'entreposage.

Le dimensionnement du terminal nous permet d'&#xE9;tablir pr&#xE9;cis&#xE9;ment les dimensions de chaque chambre froide ainsi que celles des panneaux en sandwich de polyur&#xE9;thane qui constitueront l'isolation.

Le choix du fluide de r&#xE9;frig&#xE9;ration est fonction de plusieurs crit&#xE8;res dont les principaux sont sur l'impact sur l'environnement, sur la sant&#xE9; et la s&#xE9;curit&#xE9; &#xE9;nerg&#xE9;tique ainsi que le rep&#xE9;rage des fuites. Apr&#xE8;s analyse de ces crit&#xE8;res, nous utilisons le R404A qui est un HFC (Hydrofluorocarbure) non nuisible &#xE0; la couche d'ozone.

L'&#xE9;laboration du bilan frigorifique de l'entrep&#xF4;t nous permet de collecter les diff&#xE9;rents apports de chaleur de chaque chambre froide dont le total constitue la charge thermique. Celle-ci nous donne la puissance frigorifique utilis&#xE9;e dans le choix des &#xE9;quipements frigorifiques des chambres froides.

La construction d'un terminal frigorifique &#xE0; l'A&#xE9;roport International de Bujumbura permettra donc de r&#xE9;soudre les difficult&#xE9;s rencontr&#xE9;es par les explorateurs et importateurs de denr&#xE9;es p&#xE9;rissables dans la conservation de ces produits.
</subfield>
  </datafield>
  <datafield tag="600" ind1=" " ind2=" ">
    <subfield code="2">BI-BuBU</subfield>
  </datafield>
  <datafield tag="610" ind1=" " ind2=" ">
    <subfield code="2">BI-BuBU</subfield>
  </datafield>
  <datafield tag="611" ind1=" " ind2=" ">
    <subfield code="2">BI-BuBU</subfield>
  </datafield>
  <datafield tag="648" ind1=" " ind2=" ">
    <subfield code="2">BI-BuBU</subfield>
  </datafield>
  <datafield tag="650" ind1=" " ind2="7">
    <subfield code="2">BI-BuBU</subfield>
    <subfield code="a">Chambre froide</subfield>
    <subfield code="x">Conception</subfield>
    <subfield code="z">A&#xE9;roport international de Bujumbura</subfield>
    <subfield code="z">Burundi</subfield>
  </datafield>
  <datafield tag="651" ind1=" " ind2=" ">
    <subfield code="2">BI-BuBU</subfield>
  </datafield>
  <datafield tag="654" ind1=" " ind2=" ">
    <subfield code="2">BI-BuBU</subfield>
  </datafield>
  <datafield tag="655" ind1=" " ind2="7">
    <subfield code="2">BI-BuBU</subfield>
    <subfield code="a">M&#xE9;moire</subfield>
  </datafield>
  <datafield tag="662" ind1=" " ind2=" ">
    <subfield code="2">BI-BuBU</subfield>
  </datafield>
  <datafield tag="690" ind1=" " ind2=" ">
    <subfield code="2">BI-BuBU</subfield>
  </datafield>
  <datafield tag="700" ind1="1" ind2=" ">
    <subfield code="4">aut</subfield>
    <subfield code="a">Niyongabo, Bernard</subfield>
  </datafield>
  <datafield tag="700" ind1="1" ind2=" ">
    <subfield code="4">dir</subfield>
    <subfield code="a">Niyonzima, Denis</subfield>
  </datafield>
  <datafield tag="710" ind1="1" ind2=" ">
    <subfield code="4">aut</subfield>
    <subfield code="a">Universit&#xE9; du Burundi</subfield>
    <subfield code="b">Institut Technique Sup&#xE9;rieur</subfield>
    <subfield code="b">D&#xE9;partement de g&#xE9;nie &#xE9;lectrom&#xE9;canique</subfield>
  </datafield>
  <datafield tag="942" ind1=" " ind2=" ">
    <subfield code="2">udc</subfield>
    <subfield code="c">MEM</subfield>
  </datafield>
  <datafield tag="999" ind1=" " ind2=" ">
    <subfield code="c">37074</subfield>
    <subfield code="d">37074</subfield>
  </datafield>
  <datafield tag="952" ind1=" " ind2=" ">
    <subfield code="0">0</subfield>
    <subfield code="1">0</subfield>
    <subfield code="2">udc</subfield>
    <subfield code="4">0</subfield>
    <subfield code="7">1</subfield>
    <subfield code="9">54818</subfield>
    <subfield code="b">BKIRIRI </subfield>
    <subfield code="d">2017-11-10</subfield>
    <subfield code="e">Don de l'auteur</subfield>
    <subfield code="l">0</subfield>
    <subfield code="o">621.565.NIH.LAR.2017</subfield>
    <subfield code="p">5010000136468</subfield>
    <subfield code="r">2017-11-10</subfield>
    <subfield code="t">1</subfield>
    <subfield code="w">2017-11-10</subfield>
    <subfield code="y">MEM</subfield>
    <subfield code="a">BKIRIRI </subfield>
  </datafield>
  <datafield tag="952" ind1=" " ind2=" ">
    <subfield code="0">0</subfield>
    <subfield code="1">0</subfield>
    <subfield code="2">udc</subfield>
    <subfield code="4">0</subfield>
    <subfield code="7">0</subfield>
    <subfield code="9">55807</subfield>
    <subfield code="b">BC</subfield>
    <subfield code="d">2018-01-24</subfield>
    <subfield code="e">Don de l'auteur</subfield>
    <subfield code="l">0</subfield>
    <subfield code="o">621.565.NIH.LAR.2017</subfield>
    <subfield code="p">5010000366247</subfield>
    <subfield code="r">2018-01-24</subfield>
    <subfield code="t">2</subfield>
    <subfield code="w">2018-01-24</subfield>
    <subfield code="y">MEM</subfield>
    <subfield code="a">BC</subfield>
  </datafield>
  <datafield tag="952" ind1=" " ind2=" ">
    <subfield code="0">0</subfield>
    <subfield code="1">0</subfield>
    <subfield code="2">udc</subfield>
    <subfield code="4">0</subfield>
    <subfield code="7">1</subfield>
    <subfield code="9">55809</subfield>
    <subfield code="b">BC</subfield>
    <subfield code="d">2018-01-24</subfield>
    <subfield code="e">Don de l'auteur</subfield>
    <subfield code="l">0</subfield>
    <subfield code="o">621.565.NIH.LAR.2017</subfield>
    <subfield code="p">5010000366254</subfield>
    <subfield code="r">2018-01-24</subfield>
    <subfield code="t">3</subfield>
    <subfield code="w">2018-01-24</subfield>
    <subfield code="y">MEM</subfield>
    <subfield code="a">BC</subfield>
  </datafield>
</record>
